| 000 | 00637nam a2200229Ia 4500 | ||
|---|---|---|---|
| 003 | OSt | ||
| 005 | 20250520170411.0 | ||
| 008 | 220927b |||||||| |||| 00| 0 eng d | ||
| 020 | _a9788173158735 | ||
| 037 | _cTextual | ||
| 040 |
_aSDCL _cSDCL _beng |
||
| 041 |
_2hin _ahin |
||
| 084 | _aV2:51'N47 Q0 | ||
| 100 |
_aPatel, Sardar _9409668 |
||
| 245 | 0 | _aBharat vibhajan. | |
| 246 | _aभारत विभाजन | ||
| 260 |
_aNew Delhi : _bPrabhat Prakashan, _c2010. |
||
| 300 | _a272p. | ||
| 650 | _aPolitical Science | ||
| 942 |
_cTEXL _2CC _n0 |
||
| 999 |
_c725233 _d725233 |
||